000 01464cam a22004094i 4500
003 PE-LiUPU
005 20250731183335.0
020 _a9788425218323
035 _a(Sirsi) i9788425218323
040 _aPE-LiUPU
_bspa
_cPE-LiUPU
_erda
049 _aPRUA
082 0 4 _a728.37
_bZ16
100 1 _aZabalbeascoa, Anatxu,
_eautor.
245 1 0 _aTodo sobre la casa /
_cAnatxu Zabalbeascoa.
264 1 _aBarcelona :
_bGustavo Gili,
_c2011.
300 _a213 páginas :
_bilustraciones ;
_c22 centímetros
336 _atext
_2rdacontent
337 _aunmediated
_2rdamedia
338 _avolume
_2rdacarrier
504 _aIncluye bibliografía.
505 0 _aBaño -- Cocina -- Comedor -- Dormitorio -- Jardín -- Salón.
526 _aP158
526 _aP146
526 _aP17
526 _aP12
526 _aP06
650 1 4 _aArquitectura doméstica.
_93375
650 1 4 _aViviendas
_xHistoria.
700 1 _aBlanco, Riki,
_eilustraciones.
910 _agl20131217
942 _2ddc
_cBOOK
949 _a728.37 Z16
_wDEWEY
_c1
_i69740
_lCCODEBUL1
_mBUL
_p52.00
_r0
_sY
_tBOOK
_u2015-7-6
_xINGENIERIA
_PP06
_0COMPRA
_o.STAFF. Colección General
994 _aC0
_bPEPRU
596 _a1
999 _a728.37 Z16
_wDEWEY
_c6113
_i69740
_f2021-11-10
_g8
_lCCODEBUL1
_mBUL
_p52.00
_r0
_sY
_tBOOK
_u2015-7-6
_xINGENIERIA
_PP06
_0COMPRA
_o.STAFF. Colección General
_d6113
980 _81
_gALBERTO SANCHEZ Responsable de Automatización